000 00395nam a2200145Ia 4500
008 151213s9999 xx 000 0 und d
100 _aAoki, E.M.
245 _aWrite idea:
_bIntegrated writing & grammar
_cAoki, E.M.
260 _aNew York
_bMcMillan /McGraw hill
_c1993
300 _a1794 p.
650 _aEnglish Language
650 _aEnglish Language
700 _aAoki, E.M.
999 _c1317
_d1317